The impact of inequality: how to make sick societies healthier /
Shranjeno v:
| Glavni avtor: | |
|---|---|
| Format: | Neznan |
| Jezik: | English |
| Izdano: |
New York (State):
The New Press
|
| Oznake: |
Označite
Brez oznak, prvi označite!
|
MARC
| LEADER | 00000 a2200000 04500 | ||
|---|---|---|---|
| 001 | 44517 | ||
| 003 | |||
| 008 | 050627s2005 nyu eng d | ||
| 040 | |a CRAI/IIS |c CRAI/IIS | ||
| 020 | |a 978-1-59558-121-1 | ||
| 090 | |a 0005 W687i | ||
| 100 | |a Wilkinson, Richard G. | ||
| 245 | |a The impact of inequality: how to make sick societies healthier / |c Richard G. Wilkinson | ||
| 260 | |a New York (State): |b The New Press | ||
| 300 | |a 355 páginas : gráficos | ||
| 999 | |c 17382 |d 17382 | ||



